000 00507nam a22002177a 4500
003 UA-OsUOA
001 42286
007 ta
008 20061101b un ||||| |||| 00| 0 ukr d
100 _aШвая Д.
090 _a908
_bШ-11
942 _cSA
040 _aUA-OsUOA
_bukr
_cUA-OsUOA
_dUA-OsUOA
245 _aЗірки про Острозьку академію
300 _aС.5
955 _a0
041 _aukr
080 _a908
773 0 _w42284
650 7 _a908 Краєзнавство
_2UDC
999 _c328407
_d328407